| 000 | 01284nam a22003495a 4500 | ||
|---|---|---|---|
| 008 | 150816t2006 xxua|||frbb|| 001 0 eng d | ||
| 010 | _a 2004058186 | ||
| 020 | _a0071116214 | ||
| 020 | _a9780071116213 | ||
| 040 |
_aEG-ScBUE _beng _cEG-ScBUE |
||
| 082 | 0 | 4 |
_a331 _bMCC _222 |
| 100 | 1 | _aMcConnell, Campbell R. | |
| 245 | 1 | 0 |
_aContemporary labor economics / _cCampbell R. McConnell, Stanley L. Brue, David A. Macpherson. |
| 250 | _a7th ed. | ||
| 260 |
_aNew York : _bMcGraw-Hill/Irwin, _cc. 2006. |
||
| 300 |
_axv, 624 p. : _bill. ; _c24 cm. |
||
| 500 | _aIndexes : p. 597- 624. | ||
| 500 | _aAnswer to your turn questions : p. 593- 596. | ||
| 500 | _aGlossary : p. 578- 592. | ||
| 500 | _aAppendix : p. 562-577. | ||
| 504 | _aIncludes bibliographical references . | ||
| 590 | _amenna elemam | ||
| 650 | 0 |
_aLabor economics. _2BUEsh |
|
| 650 | 0 |
_aEconomic-- _xhistory. _2BUEsh |
|
| 651 | _2BUEsh | ||
| 653 |
_bBUSECO _cAugust2015 |
||
| 700 | 1 |
_aBrue, Stanley L., _d1945- |
|
| 700 | 1 |
_aMacpherson, David A., _d1960- _99270 |
|
| 856 | 4 | 2 |
_3Publisher description _uhttp://www.loc.gov/catdir/enhancements/fy0618/2004058186-d.html |
| 856 | 4 | 2 |
_3Table of contents only _uhttp://www.loc.gov/catdir/enhancements/fy0618/2004058186-t.html |
| 942 |
_cBB _k331 MCC _2ddc |
||
| 999 |
_c8926 _d8656 |
||